Webster's new world thesaurus /

Salvato in:
Dettagli Bibliografici
Autore principale: Laird, Charlton (Autore)
Natura: Libro
Lingua:inglese
Pubblicazione: New York : Warner Books, 1987
Tags: Aggiungi Tag
Nessun Tag, puoi essere il primo ad aggiungerne!!

MARC

LEADER 00000nam a22000003a 4500
001 stu2467
005 20150617225619.6
008 921009s1987----xxu-----------------eng-d
040 |a STU  |b slo 
041 0 |a eng 
044 |a xxu 
080 |a 802.3(038) 
100 1 |a Laird, Charlton  |4 aut 
245 1 |a Webster's new world thesaurus /  |c [aut.] Laird,Ch 
260 |a New York :  |b Warner Books,  |c 1987 
300 |a 530 s 
996 |b E73243  |c E*73243  |l EE18  |s P  |a 0  |w stu2467_0001